| 000 | 00676nam a22001577a 4500 | ||
|---|---|---|---|
| 008 | 160603b xxu||||| |||| 00| 0 eng d | ||
| 082 |
_22015 _aUT 0615 _bC27 |
||
| 100 |
_99930 _aCastillo, Mitzi Vera Antoinette L. |
||
| 245 |
_aArt of questioning: a qualitative evaluation as an effective strategy in maintaining interactive classroom management/ _cMitzi Vera Antoinette L. Castilo, Dyna Grace B. Baguisan and Khashenn D. Pedroso. |
||
| 260 |
_aDigos City: _bUMDC _cOctober 2015. |
||
| 300 |
_a49 pages; _c29 cm. |
||
| 650 | 0 |
_99929 _aEducation _vEnglish _xUndergraduate thesis. |
|
| 700 |
_99927 _aDaguisan, Dyna Grace B. |
||
| 700 |
_99928 _aPedroso, Khashenn D. |
||
| 942 |
_2ddc _cUT |
||
| 999 |
_c2977 _d2977 |
||